| 000 | 00868nam a2200265 a 4500 | ||
|---|---|---|---|
| 001 | 43091 | ||
| 003 | BD-RjUL | ||
| 005 | 20211209053639.0 | ||
| 008 | 160619s1971 ii ba bs 001 0 eng | ||
| 035 | _a(BD-RjUL)43209 | ||
| 040 |
_aDLC _cDLC _dBD-RjUL _beng |
||
| 041 | _aeng | ||
| 082 |
_223 _a330.954 _bCHE 1971 |
||
| 100 | 1 |
_aChaudhuri, Manoranjan _9132320 |
|
| 245 | 1 | 3 |
_aAn economic geography of India / _c[by] M. R. Chaudhuri |
| 250 | _a2d ed. | ||
| 260 |
_aCalcutta : _bOxford & IBH Pub. Co., _cc1971 |
||
| 300 |
_avii, 222 p. : _bill. ; _c24 cm. |
||
| 500 | _a"A study sponsored by Indian economic-geographic studies." | ||
| 504 | _aBibliography: p. [217]-218.and index | ||
| 651 | 0 |
_aIndia _xEconomic conditions _y1947- _9124417 |
|
| 710 | 2 |
_aIndian Economic Geographic Studies (Organization) _9132321 |
|
| 942 |
_2ddc _cBK |
||
| 999 |
_c43091 _d43091 |
||